000 00685nam a22001937a 4500
999 _c175695
_d175695
005 20200915162852.0
010 _aUR-10860
020 _c112.00
_a9789390100057
035 _aU-9415
037 _bDBAD/PUB
082 _aک
100 _aنا صر آ ز ا د
245 _aخو ا ب ا و ر حقيقت(ا فسا نو ں کا مجمو عہ )
_cنا صر آ ز ا د
246 _bKhawab Aur Haqiqat (Short Stories) (Urdu)
_aby Nasir Azad
260 _aN.Delhi
_bEducational Publishing House
_c2020 ء
270 _aH.O.D1/16,Ansari Road,Darya ganj,
_bN.Delhi
_e110002
_k45678285,23216162
_l0091-11-23211540
300 _a112 ص
_c22 Cm(Hb)
942 _2ddc
_cUR
_hک
_mآ ز ا